000 00288nam a2200121Ia 4500
008 190216s9999||||xx |||||||||||||| ||und||
100 _aKachhava C M
245 0 _aSolid State Physics
260 _bTata Mcgrawhill Publishers
_c1990
300 _a223 p
650 _aPhysics
942 _cBK
999 _c33223
_d33223